| 000 | 00681nam a2200217 a 4500 | ||
|---|---|---|---|
| 001 | 18582 | ||
| 003 | CO-ViMGA | ||
| 008 | 141112s2004 ck r 000 u spa d | ||
| 020 | _a8448118979 | ||
| 040 |
_aCO-ViMGA _bspa _cCO-ViMGA |
||
| 082 | 0 | 4 | _a658.3 M174 |
| 100 | 1 |
_aMarín, Antonio Lucas _926448 |
|
| 245 | 1 | 0 | _aSociología para la empresa |
| 260 |
_aMadríd (España), _cMcGraw Hill, _c1994 |
||
| 300 | _a436.p. | ||
| 590 |
_aForma de adquisición : Donción Libreria Atenas - - Precio : _53.000 |
||
| 650 | 1 | 4 |
_aADMINISTRACION DE PERSONAL - ASPECTOS SOCIALES _926449 |
| 650 | 1 | 4 |
_aRELACIONES INDUSTRIALES _93490 |
| 650 | 1 | 4 |
_aSOCIOLOGIA INDUSTRIAL _948895 |
| 942 |
_2ddc _cBK |
||
| 999 |
_c27844 _d27844 |
||